000 00329 a2200157 4500
001 73859
020 _a8513011681
040 _cAnchieta - Colégio São Paulo
100 _aPompéia, Raul
240 1 0 _aO Ateneu
_lpor
245 1 0 _aO Ateneu
300 _a174
362 0 _a1998
650 4 _aFicção brasileira
942 _cBK
999 _c73859
_d73859